Plan de revegetalización estratégica del corredor del Teusaca (Cuenca alta y media), Municipio de la Calera (Registro nro. 384)

Detalles MARC
000 -CABECERA
Campo de control 00815nam a2200253 a 4500
005 - FECHA Y HORA DE LA ULTIMA TRANSACCION
Campo de control 20200104041510.0
008 - ELEMENTOS DE LONGITUD FIJA—INFORMACION GENERAL
Campo de control 140220b1992 ck ||||| |||| 00| 0 spa d
040 ## - FUENTE DE CATALOGACIÓN
Agencia catalogadora original CO-BoIAVH
Agencia transcriptora CO-BoIAVH
041 ## - IDIOMA
Código de idioma para texto/pista de sonido o título separado Español
044 ## - PAÍS DE PUBLICACIÓN
País de publicación Colombia
090 ## - CLASIFICACIÓN LOCAL
Colección LB
Consecutivo 00365
100 ## - ASIENTO PRINCIPAL--NOMBRE PERSONAL
Nombre personal Salamanca Solarte, Bibiana Esperanza
245 ## - MENCION DE TITULO
Título Plan de revegetalización estratégica del corredor del Teusaca (Cuenca alta y media), Municipio de la Calera
260 ## - PUBLICACION, DISTRIBUCION, ETC. (PIE DE IMPRENTA)
Lugar de publicación, distribución, etc. Bogotá
Nombre del editor, distribuidor, etc. S n.
Fecha de publicación, distribución, etc. 1992
300 ## - DESCRIPCION FISICA
Extensión 3 vol.
650 ## - ASIENTO SECUNDARIO DE MATERIA - TERMINO TEMATICO
Término temático o nombre geográfico como elemento de entrada Especies dinamogenéticas
650 ## - ASIENTO SECUNDARIO DE MATERIA - TERMINO TEMATICO
Término temático o nombre geográfico como elemento de entrada Especies multipropósito
650 ## - ASIENTO SECUNDARIO DE MATERIA - TERMINO TEMATICO
Término temático o nombre geográfico como elemento de entrada Revegetalización
650 ## - ASIENTO SECUNDARIO DE MATERIA - TERMINO TEMATICO
Término temático o nombre geográfico como elemento de entrada Ecología vegetal
650 ## - ASIENTO SECUNDARIO DE MATERIA - TERMINO TEMATICO
Término temático o nombre geográfico como elemento de entrada Sucesión vegetal
662 ## - ASIENTO SECUNDARIO DE MATERIA - JERARQUIA DEL NOMBRE DE LUGAR(
País o entidad mayor Colombia
Jurisdicción política intermedia Río Teusaca
Jurisdicción política de primer orden Cundinamarca
700 ## - ASIENTO SECUNDARIO - NOMBRE PERSONAL
Nombre personal Camargo, Germán
942 ## - ELEMENTOS ADICIONALES (KOHA)
Tipo de ítem Informe Técnico
Sistema de clasificación Local
Koha issues (borrowed), all copies 2
Existencias
Withdrawn status Lost status Sistema de Clasificación Damaged status No para préstamo Colección Inventariado Ubicación Permanente Ubicación actual Fecha de adquisición Fuente de Valor Total Checkouts Número topográfico Inventario / Código de Barras Date last seen Date checked out Ejemplar Price effective from Forma de adquisición Tipo de material Public note
    Local     General Inventariado 2017 Bogotá Bogotá 01/02/1998 WCS 2 LB-00365 000534 07/02/2019 10/10/2017 Ej. 1 04/12/2012   Informe Técnico  
    Local     General Inventariado 2017 Bogotá Bogotá 22/01/2001 Baptiste, Luis Guillermo   LB-00365 000535 04/12/2012   Ej. 1 04/12/2012   Informe Técnico Suceción Vegetal